| 000 | 00449nam a2200181Ia 4500 | ||
|---|---|---|---|
| 005 | 20230911113329.0 | ||
| 008 | 131103s9999 xx 000 0 und d | ||
| 040 | _aLoreto College | ||
| 041 | _aEnglish | ||
| 082 |
_aF _bINN |
||
| 100 | _aInnes,Michael | ||
| 245 |
_aAppleby plays chicken _cMichael Innes |
||
| 260 |
_aHarmondsworth _bPenguin Books _c1956 |
||
| 300 | _a219 p. | ||
| 650 | _aFiction in English | ||
| 850 | _aLCLIB | ||
| 942 | _cBK | ||
| 999 |
_c15189 _d65668 |
||